Flags of non-recognised Countries and Territories of the World #1 - Statistics

General Stats
  • This quiz has been taken 86 times
  • The average score is 13 of 16
Answer Stats
Picture Answer % Correct
Hong Kong
99%
Palestine
97%
Greenland
96%
Isle of Man
96%
Puerto Rico
94%
Wales
93%
Macau
91%
Faroe Islands
88%
Gibraltar
87%
Jersey
85%
Bailiwick of Guernsey
76%
New Caledonia
72%
Northern Cyprus
72%
Sahrawi Arab Democratic Republic
70%
Zanzibar
70%
Réunion
54%
No matching quizzes found
Score Distribution
Percent of People with Each Score
Percentile by Number Answered
Your Score History
You have not taken this quiz